|
|
|
|
| LEADER |
01818nam a2200361Ia 4500 |
| 001 |
EBC3564154 |
| 003 |
MiAaPQ |
| 005 |
20200520144314.0 |
| 006 |
m o d | |
| 007 |
cr cn||||||||| |
| 008 |
080716s2008 dcua sb 000 0 eng d |
| 020 |
|
|
|z 0309114128
|
| 020 |
|
|
|z 9780309114127
|
| 035 |
|
|
|a (MiAaPQ)EBC3564154
|
| 035 |
|
|
|a (Au-PeEL)EBL3564154
|
| 035 |
|
|
|a (CaPaEBR)ebr10255025
|
| 035 |
|
|
|a (CaONFJC)MIL180027
|
| 035 |
|
|
|a (OCoLC)932320436
|
| 040 |
|
|
|a MiAaPQ
|c MiAaPQ
|d MiAaPQ
|
| 050 |
|
4 |
|a HD2346.U5
|b A873 2008
|
| 245 |
0 |
3 |
|a An assessment of the SBIR program at the Department of Energy
|h [electronic resource] /
|c Committee for Capitalizing on Science, Technology, and Innovation: An Assessment of the Small Business Innovation Research Program ; Policy and Global Affairs, Charles W. Wessner, editor ; National Research Council of the National Academies.
|
| 246 |
3 |
|
|a Assessment of small business innovation research program at the Department of Energy
|
| 260 |
|
|
|a Washington, D.C. :
|b National Academies Press,
|c 2008.
|
| 300 |
|
|
|a xvii, 236 p. :
|b ill.
|
| 504 |
|
|
|a Includes bibliographical references (p. 227-236).
|
| 533 |
|
|
|a Electronic reproduction. Ann Arbor, MI : ProQuest, 2016. Available via World Wide Web. Access may be limited to ProQuest affiliated libraries.
|
| 650 |
|
0 |
|a Small business
|x Technological innovations
|x Research
|z United States
|v Congresses.
|
| 650 |
|
0 |
|a Business
|x Research.
|
| 655 |
|
4 |
|a Electronic books.
|
| 700 |
1 |
|
|a Wessner, Charles W.
|
| 710 |
2 |
|
|a National Research Council (U.S.).
|b Committee on Capitalizing on Science, Technology, and Innovation: An Assessment of the Small Business Innovation Research Program.
|
| 710 |
2 |
|
|a ProQuest (Firm)
|
| 856 |
4 |
0 |
|u https://ebookcentral.proquest.com/lib/matrademy/detail.action?docID=3564154
|z Click to View
|